00393nam a2200145 a 45000010005000000030009000050080041000140400028000550820016000832450037000992600044001363000010001804900024001906500033002143800CO-ViMGA141112s2004 ck r 000 u spa d aCO-ViMGAbspacCO-ViMGA04a922.22 F56310aLas florecillas de san francisco aSantafé de Bogotá : bNorma, c1997 a138 p aColecciones milenio14aFRANCISCO, SANTO 1182 - 1226